Tratado de la naturaleza humana.
Gardado en:
| Autor Principal: | |
|---|---|
| Outros autores: | |
| Formato: | Unknown |
| Publicado: |
Madrid, España:
Tecnos,
2005.
|
| Edición: | 4ª edición |
| Series: | Colección Clásicos del Pensamiento
|
| Subjects: | |
| Tags: |
Engadir etiqueta
Sen Etiquetas, Sexa o primeiro en etiquetar este rexistro!
|
MARC
| LEADER | 00000 a2200000 4500 | ||
|---|---|---|---|
| 003 | CL-VaPUC | ||
| 005 | 20221024102342.0 | ||
| 008 | 220706t2005 ||||| |||| 00| 0 eng d | ||
| 999 | |c 436434 |d 436432 | ||
| 020 | |a 978-84-309-4259-6 | ||
| 040 | |c Pontificia Universidad Católica de Valparaíso | ||
| 082 | |a 192 HUM 2005 | ||
| 100 | |a Hume, David |9 858138 |e autor | ||
| 245 | |a Tratado de la naturaleza humana. | ||
| 250 | |a 4ª edición | ||
| 260 | |a Madrid, España: |b Tecnos, |c 2005. | ||
| 300 | |a 841 páginas. | ||
| 490 | |a Colección Clásicos del Pensamiento |n 6. | ||
| 583 | |k GC |c 20220706 | ||
| 650 | |a Empirismo |9 255037 | ||
| 650 | |a Teoría del conocimiento |9 877705 | ||
| 650 | |a Naturaleza humana |9 308593 | ||
| 700 | |a Duque, Félix |e editor |9 245661 | ||
| 942 | |2 ddc |c BK |m 1 | ||
| 952 | |0 0 |1 0 |2 ddc |4 0 |6 192_000000000000000_HUM_2005 |7 0 |8 A |9 587239 |a BIBTEO |b BIBTEO |c GEN |d 2022-10-13 |e 3 |g 35414.00 |i 5655172 |o 192 HUM 2005 |p 5655172 |r 2025-01-17 |t 1 |v 35414.00 |w 2022-10-13 |y BK |k ICR | ||